UBT Library

Dy vjet Pushime (Record no. 60934)

000 -LEADER
fixed length control field 00294nam a22001337a 4500
008 - FIXED-LENGTH DATA ELEMENTS--GENERAL INFORMATION
fixed length control field 260325b ||||| |||| 00| 0 eng d
020 ## - INTERNATIONAL STANDARD BOOK NUMBER
International Standard Book Number 9789951059329
041 ## - LANGUAGE CODE
Language code of text/sound track or separate title Shqip
080 ## - UNIVERSAL DECIMAL CLASSIFICATION NUMBER
Universal Decimal Classification number 821.133
100 ## - Rafti
Rafti 25
101 ## - Shkurtesa
Shkurtesa Ngjarje
245 ## - TITLE STATEMENT
Title Dy vjet Pushime
Statement of responsibility, etc Zhyl Vern
942 ## - ADDED ENTRY ELEMENTS (KOHA)
Source of classification or shelving scheme
Item type Books
Holdings
Withdrawn status Lost status Source of classification or shelving scheme Damaged status Not for loan Collection code Permanent location Current location Date acquired Total Checkouts Barcode Date last seen Price effective from Koha item type
          Koleksioni i përgjithshem UBT - Lipjan UBT - Lipjan 03/25/2026   003-800070999427 03/25/2026 03/25/2026 Books
          Koleksioni i përgjithshem UBT - Lipjan UBT - Lipjan 03/25/2026   003-800070999428 03/25/2026 03/25/2026 Books
          Koleksioni i përgjithshem UBT - Lipjan UBT - Lipjan 03/25/2026   003-800070999429 03/25/2026 03/25/2026 Books
          Koleksioni i përgjithshem UBT - Lipjan UBT - Lipjan 03/25/2026   003-800070999430 03/25/2026 03/25/2026 Books
          Koleksioni i përgjithshem UBT - Lipjan UBT - Lipjan 03/25/2026   003-800070999431 03/25/2026 03/25/2026 Books
          Koleksioni i përgjithshem UBT - Lipjan UBT - Lipjan 03/25/2026   003-800070999432 03/25/2026 03/25/2026 Books
UBT Library © 2015-2024. All rights reserved University Education for Business and Technology